Statistics for TDS All Enemies

Click here to take the quiz!

General Stats

  • This quiz has been taken 26 times
  • The average score is 44 of 236

Answer Stats

Difficulty / EventAnswer% Correct
NormalGrave Digger
100%
FallenAbnormal
90%
FallenFallen
90%
MoltenMolten
90%
MoltenMolten Boss
90%
Normal & MoltenNormal
90%
Normal & MoltenSpeedy
90%
FallenFallen King
80%
Normal & MoltenNormal Boss
80%
Normal & MoltenSlow
80%
NormalBolt
70%
FallenHeavy
70%
All DifficultiesMystery
70%
FallenShadow
70%
HardcoreVoid Reaver
70%
FallenAbnormal Boss
60%
HardcoreBalloon
60%
FallenError
60%
FallenFallen Guardian
60%
Fallen | SFOTHFallen Hero
60%
HardcoreFallen Rusher
60%
FallenGlitch
60%
HardcoreHefty
60%
Normal & MoltenHidden
60%
MoltenMolten Titan
60%
All DifficultiesMystery Boss
60%
Normal & Molten | Polluted Wastelands IINecromancer
60%
FallenQuick
60%
MoltenShock
60%
Normal & MoltenSlow Boss
60%
FallenTemplar
60%
FallenBoomer
50%
FallenDark Necromancer
50%
HardcoreFallen Swordmaster
50%
HardcoreLead
50%
HardcoreLead Balloon
50%
HardcoreLead Boss
50%
Normal & MoltenSpeedy Boss
50%
NormalStrong
50%
FallenTank
50%
Polluted Wastelands IIAbomination
40%
Hardcore | Polluted Wastelands IICircuit
40%
Outpost 32Frost Spirit
40%
FallenGiant Boss
40%
FallenHazard
40%
Normal & MoltenHidden Boss
40%
HardcoreLava
40%
Normal & MoltenMystery Summoner
40%
FallenShadow Boss
40%
FallenSummoner Boss
40%
HardcoreFallen Reaper
30%
HardcoreFallen Soul
30%
HardcoreFallen Titan
30%
Polluted Wastelands IIHazmat
30%
HardcoreMega Slow
30%
Hardcore | Polluted Wastelands IINecromancer Boss
30%
Polluted WastelandsNuclear Fallen King
30%
Polluted Wastelands | Polluted Wastelands IIRusher
30%
HardcoreSoul
30%
HardcoreSoul Boss
30%
HardcoreSoul Stealer
30%
HardcoreSpeedy King
30%
Polluted Wastelands IIToxic
30%
Polluted WastelandsWasted Boss
30%
Polluted Wastelands | Polluted Wastelands IIAmalgamation
20%
D00M's RevengeDucky
20%
HardcoreHealth Cultist
20%
HardcoreInvisibile
20%
Polluted Wastelands IIMutated
20%
Polluted Wastelands IIMutated Boss
20%
Polluted Wastelands IIMutated Speedy
20%
Polluted WastelandsRadioactive
20%
Area 51Raider Boss
20%
Polluted Wastelands IISkeleton
20%
HardcoreSlow King
20%
Polluted WastelandsSplit
20%
Polluted WastelandsSplitter
20%
SFOTHSwordmaster
20%
Solar Eclipse Night 4The Umbra
20%
HardcoreUnknown
20%
HardcoreVindicator
20%
Area 51Alien
10%
Halloween 2020 | Solar Eclipse Night 1Bones
10%
D00M's Revenge | Spring 2020Ducky D00M
10%
Christmas 2019 | Outpost 32Frost Hero
10%
Halloween 2019 | Halloween 2020 | Solar Eclipse Night 2 | Solar Eclipse Night 3Ghost
10%
Christmas 2019Gingerbread
10%
Halloween 2019Jack O' Bot
10%
Halloween 2019 | Solar Eclipse Night 1Jaxe
10%
Christmas 2019Krampus
10%
Halloween 2020Lord Sinister
10%
Polluted Wastelands IINuclear Monster
10%
Outpost 32Packed Ice
10%
Solar Eclipse Night 3Penumbras
10%
Area 51Raider 1
10%
Area 51Raider 2
10%
Halloween 2020 | Polluted Wastelands IIReanimated
10%
Outpost 32Snowy
10%
Solar Eclipse Night 2Swamp Monster
10%
Halloween 2019Swamp Thing
10%
Halloween 2019 | Halloween 2020 | Solar Eclipse Night 3 | Solar Eclipse Night 4Vampire
10%
Polluted Wastelands IIWarden
10%
Halloween 2019 | Halloween 2020Witch
10%
Christmas 2019Yeti
10%
D00M's RevengeAgent Ducky
0%
Halloween 2019 | Halloween 2020 | Solar Eclipse Night 3 | Solar Eclipse Night 4Bat
0%
Spring 2020Beehive
0%
SFOTHBrute
0%
Spring 2020Bunny
0%
Halloween 2020Buried
0%
Christmas 2019Burnt Gingerbread
0%
D00M's RevengeCart
0%
Solar Eclipse Night 4Clanker
0%
Halloween 2019Clown
0%
Solar Eclipse Night 3 | Solar Eclipse Night 4Cobalt Guard
0%
Outpost 32Cold Mist
0%
D00M's RevengeCool Ducky
0%
Outpost 32Crying Angel
0%
SFOTHCrystalite
0%
Solar Eclipse Night 3 | Solar Eclipse Night 4Cursed Guard
0%
Solar Eclipse Night 4Cursed Horse
0%
Solar Eclipse Night 3 | Solar Eclipse Night 4Cursed Knight
0%
Polluted Wastelands IICursed Skeleton
0%
Christmas 2019 | Outpost 32Deep Freeze
0%
Halloween 2019Demon
0%
D00M's RevengeDucky Unit
0%
Solar Eclipse Night 3 | Solar Eclipse Night 4Dust
0%
D00M's RevengeEggroll
0%
Spring 2020Eggsplosive
0%
Solar Eclipse Night 2 | Solar Eclipse Night 3Ent
0%
D00M's RevengeEvil Ducky
0%
D00M's RevengeExplosive Ducky
0%
D00M's RevengeFat Ducky
0%
Metaverse ChampionsFey Yoshida
0%
Solar Eclipse Night 4Flare
0%
Polluted Wastelands IIFleshling
0%
D00M's RevengeFlying Ducky
0%
Halloween 2019Frankenstein
0%
Outpost 32Frost Invander
0%
Outpost 32Frost Mystery
0%
Outpost 32Frost Necromancer
0%
Outpost 32Frost Ravager
0%
Christmas 2019Frost Tank
0%
Christmas 2019 | Outpost 32Frozen
0%
Solar Eclipse Night 3 | Solar Eclipse Night 4Ghost Knight
0%
Halloween 2020 | Polluted Wastelands IIGoo
0%
Spring 2020Grizzly
0%
Halloween 2020Hallow Bones
0%
Halloween 2020Hallow Guard
0%
Solar Eclipse Night 4Headless Jaxe
0%
Area 51Hidden Zoomer
0%
Spring 2020Hunter
0%
SFOTH | Solar Eclipse Night 3 | Solar Eclipse Night 4Knight
0%
Area 51Lawnmower
0%
D00M's RevengeLong Ducky
0%
Solar Eclipse Night 4Lunar Servant
0%
Solar Eclipse Night 3 | Solar Eclipse Night 4Lunar Shard
0%
Solar Eclipse Night 4Lunar Shield
0%
Solar Eclipse Night 4Mega Clanker
0%
D00M's RevengeMother Ducky
0%
Halloween 2019 | Halloween 2020 | Solar Eclipse Night 1Mummy
0%
Polluted Wastelands IINuclear Guardian
0%
D00M's RevengeOperator Ducky
0%
Solar Eclipse Night 2Overgrowth
0%
D00M's RevengeP3NGU
0%
Christmas 2019Papa Bread
0%
Solar Eclipse Night 3 | Solar Eclipse Night 4Pike
0%
Christmas 2019Present
0%
Halloween 2019 | Halloween 2020Reaper
0%
Halloween 2019 | Solar Eclipse Night 1Scarecrow
0%
Solar Eclipse Night 2Shroomga
0%
Spring 2020Sir Hopsalot
0%
Halloween 2020 | Polluted Wastelands IISlime
0%
Outpost 32Snow Golem
0%
Christmas 2019Snowman
0%
Outpost 32Snow Minion
0%
Solar Eclipse Night 4Solar Servant
0%
Solar Eclipse Night 3 | Solar Eclipse Night 4Solar Shard
0%
D00M's RevengeSpy Ducky
0%
SFOTHStone Viking
0%
Area 51Strong Alien
0%
Halloween 2019Strong Mummy
0%
Spring 2020Sugrawr
0%
Polluted Wastelands IISuper Toxic
0%
Area 51UFO
0%
Halloween 2020 | Solar Eclipse Night 1Undead
0%
Outpost 32Unstable Ice
0%
Solar Eclipse Night 2 | Solar Eclipse Night 3Werewolf
0%
Solar Eclipse Night 2 | Solar Eclipse Night 3 | Solar Eclipse Night 4Wraith
0%
Spring 2020Zombegg
0%
Solar Eclipse Night 3Zombie Horse
0%
Area 51Zoomer
0%

Score Distribution

Percentile by Number Answered

Percent of People with Each Score

Your Score History

You have not taken this quiz